| 000 | 00532nam a22001817a 4500 | ||
|---|---|---|---|
| 003 | NUST - PNEC | ||
| 005 | 20170116180856.0 | ||
| 008 | 150829b xxu||||| |||| 00| 0 eng d | ||
| 020 | _a8121918812 | ||
| 040 | _cLIBRARY | ||
| 082 | _a541.3 MAD | ||
| 100 |
_95993 _aMadan, R.L. |
||
| 245 |
_aPhysical chemistry : Including solved long answer type, short answer type, objective type questions and numerical problems _cR.L. Madan |
||
| 250 | _a- | ||
| 260 | _cc.1999 | ||
| 650 |
_95999 _aChemistry, Physical _xME |
||
| 942 |
_2ddc _cBK |
||
| 999 |
_c64804 _d64804 |
||